| 000 | 00685nam a2200193Ia 4500 | ||
|---|---|---|---|
| 001 | 3814 | ||
| 003 | OSt | ||
| 005 | 20250317153702.0 | ||
| 008 | 241024s2013 xx a 001 0 spa d | ||
| 020 | _a978-9945-8859-3-4 | ||
| 040 |
_aCGID0027 _bspa _cCGID0027 _erda |
||
| 082 | _aRD/510/R426d/IDEICE/2013 | ||
| 100 | _aRepública Dominicana. Ministerio de Educación/CECC/SICA/IDEICE | ||
| 245 | 0 |
_aDominio de los contenidos matemáticos _cpor parte del docente, como factor de éxito o fracaso escolar en el primer ciclo del nivel básico en República Dominicana |
|
| 260 |
_aSanto Domingo : _bIDEICE _c2013 |
||
| 901 | _a8/9/2014 11:53:00 a.m. | ||
| 942 |
_2ddc _cLIB _n0 |
||
| 999 |
_c8194 _d8194 |
||